Score 0/36 Timer 03:00
3 Plays Today
Disney Attraction Missing Word % Correct
Splash ______Mountain
90.1%
'It's a ______ world'small
87.5%
Dumbo the ______ ElephantFlying
84.7%
The Haunted ______Mansion
84.5%
Pirates of the ______Caribbean
83.7%
The Many ______ of Winnie the PoohAdventures
75.6%
The Tree of ______Life
73.3%
The ______ Zone Tower of TerrorTwilight
68.9%
______ CruiseJungle
68.4%
______ Thunder Mountain RailroadBig
67.5%
Pirates Lair on Tom Sawyer ______Island
67.2%
Mr. ______ Wild RideToad's
66.5%
The ______ Carpets of AladdinMagic
66.2%
Mission: ______SPACE
64.2%
Peter Pan's ______Flight
61.7%
______ Tea PartyMad
60.2%
Test ______Track
59.8%
______ EverestExpedition
55.8%
Disney Attraction Missing Word % Correct
Rock 'n' Roller Coaster Starring ______Aerosmith
54.1%
Walt Disney's ______ Tiki RoomEnchanted
47.9%
Turtle ______ with CrushTalk
47.3%
Kilimanjaro ______Safaris
47.1%
Snow White's ______ AdventuresScary
45.9%
______ Great Escape!Stitch's
45%
______ River RapidsKali
42.7%
The ______ with Nemo & FriendsSeas
41.7%
______ OrbitorAstro
40.5%
______ Square RiverboatLiberty
38.8%
Country ______ JamboreeBear
35.6%
Matterhorn ______Bobsleds
35.5%
Jim Henson's Muppet ______ 3DVision
32%
Tomorrowland ______Speedway
26.7%
Tarzan's ______Treehouse
24.1%
Pinocchio's ______ JourneyDaring
17.4%
______ River RunGrizzly
17.1%
Storybook Land ______ BoatsCanal
13.1%

Today's Daily Dose

Remove Ads.
Support Sporcle.
Get the best of Sporcle when you Go Orange. This ad-free experience offers more features, more stats, and more fun while also helping to support Sporcle. Thank you for becoming a member.

You're not logged in!

Compare scores with friends on all Sporcle quizzes.
OR
Log In

Show Comments

Extras

Top Quizzes Today


Score Distribution

Your Account Isn't Verified!

In order to create a playlist on Sporcle, you need to verify the email address you used during registration. Go to your Sporcle Settings to finish the process.

Report this User

Report this user for behavior that violates our Community Guidelines.

Details: